Tempo 2 : Cahier d'exercices
Le livre a été concu comme une méthode complète, avec 114 exercices intégrés dans le livre de l'élève. Ce cahier propose un ensemble d'exercices supplémentaires comme renforcement des acquisitions.
Gardado en:
| Autor Principal: | |
|---|---|
| Formato: | Libro |
| Idioma: | Undetermined |
| Publicado: |
Paris
Didier/Hatier
1998
|
| Những chủ đề: | |
| Các nhãn: |
Engadir etiqueta
Sen Etiquetas, Sexa o primeiro en etiquetar este rexistro!
|
| Thư viện lưu trữ: | Trung tâm Học liệu Trường Đại học Cần Thơ |
|---|
| LEADER | 00899nam a2200229Ia 4500 | ||
|---|---|---|---|
| 001 | CTU_134236 | ||
| 008 | 210402s9999 xx 000 0 und d | ||
| 020 | |c 141000 | ||
| 082 | |a 448.24 | ||
| 082 | |b B483/L.2 | ||
| 100 | |a Bérard, Évelyne | ||
| 245 | 0 | |a Tempo 2 : | |
| 245 | 0 | |b Cahier d'exercices | |
| 245 | 0 | |c Évelyne Bérard, Yves Canier, Christian Lavenne | |
| 260 | |a Paris | ||
| 260 | |b Didier/Hatier | ||
| 260 | |c 1998 | ||
| 520 | |a Le livre a été concu comme une méthode complète, avec 114 exercices intégrés dans le livre de l'élève. Ce cahier propose un ensemble d'exercices supplémentaires comme renforcement des acquisitions. | ||
| 650 | |a French language,French language,Ngôn ngữ Pháp,Ngôn ngữ Pháp | ||
| 650 | |x Study and teaching,Học và giảng dạy | ||
| 904 | |i Giang | ||
| 980 | |a Trung tâm Học liệu Trường Đại học Cần Thơ | ||